01090 a2200193 45000010003000000050017000030080041000200030015000610400040000760800073001162450059001890200022002482500011002702640043002813000018003245050378003421000029007208560147007495520260407155406.0260407a2006 arg spa dAR-UNSa-BCEJYS aAR-UNSa-BCEJYSbspacAR-UNSa-BCEJYS a657.3xPresupuestos. Cierre de Cuentas. Balances (Estados Contables)10aAnálisis de estados financierospun enfoque integral a978-987-1140-35-0 a1a. ed 1aBuenos Aires :bOsmar D. Buyattic2006 a295 p.c22 cm a1. Conceptos preliminares - 2. Fuentes de información básica - 3. Adecuación de la información - 4. Técnicas de análisis - 5. Análisis financiero a largo plazo - 6. Análisis financiero de corto plazo - 7. Análisis económico - 8. Análisis de casos especiales - 9. Otras herramientas de análisis - 10. Análisis operativo - 11. Análisis de contexto1 aLamattina, Oscar Edmundo41uhttps://biblioeco.unsa.edu.ar/pmb/images/libros/An?lisis de estados financieros Lamattina, Oscar E. (2006).jpgyImagen de portadaqimage/jpeg